000 01050nam a22002537a 4500
001 BD-DhSAU 7469
003 BD-DhSAU
005 20240320103601.0
008 150422b2006 bg ||||| m||m 00| 0 eng d
040 _aBD-DhSAU
082 _222
_a631.4
_bH211
100 _aHAQUE, HUMYRA
_eRegistration No. # 15-06455
245 _aEffect of organic and inorganic fertilizer on growth and yield of bush bean (bari jhar sheem-1) /
_bMS thesis
260 _aSher-e- Bangla Agricultural University:
_bDepartment of Soil Science,
_c2022.
300 _aix, 59p.:
_b30 cm.
500 _aMS thesis of Department of Soil Science , Faculty of Agriculture, Sher-e-Bangla Agricultural University, Dhaka, Bangladesh
590 _aNamul
650 _aorganic and inorganic fertilizer
651 _abush bean (bari jhar sheem-1)
700 _aProf. Mst. Afrose Jahan
_eSuperviser
700 _aProf. Dr. Alok Kumar Paul
_eCo-Superviser
856 _uhttp://archive.saulibrary.edu.bd:8080/xmlui/handle/123456789/5140
942 _2ddc
_cTHESIS
999 _c17445
_d17444